[Event "Petrov Memorial op"]
[Site "St Petersburg"]
[Date "2000.02.10"]
[Round "4"]
[White "Aseev, Konstantin N"]
[Black "Bu, Xiangzhi"]
[Result "0-1"]
[WhiteElo "2517"]
[BlackElo "2565"]
[Annotator "Gofshtein,L"]
[PlyCount "56"]
[EventDate "2000.02.05"]
[EventType "swiss"]
[EventRounds "9"]
[EventCountry "RUS"]
[SourceTitle "CBM 076"]
[Source "ChessBase"]
[SourceDate "2000.05.31"]
[SourceVersion "1"]
[SourceVersionDate "2000.05.31"]
[SourceQuality "1"]

{[%mdl 2]} 1. e4 {[%mdl 8192]} c5 2. Nf3 Nc6 3. d4 cxd4 4. Nxd4 Nf6 5. Nc3 d6
6. Bg5 e6 7. Qd2 a6 8. O-O-O h6 9. Be3 Qc7 10. f4 Bd7 11. h3 b5 12. Bd3 {
another possibility is:} (12. Bxb5 $5 axb5 13. Ndxb5 Qb8 14. Nxd6+ Bxd6 15.
Qxd6 Qxd6 16. Rxd6 {and white has safficient counterplay for piece,for example:
} Ne7 (16... Na5 17. b3 Bc6 (17... Rc8 18. Bd2 Nb7 19. Rd4 Nc5 $13 {1/2-1/2
Shabalov,A-Sutovskij,E/Las Vegas 1993/EXT 97 (28)}) 18. Rd4 O-O 19. b4 Nb7 20.
Kb2 Rfd8 21. b5 Be8 $13 {1/2-1/2 Gallagher,J-Xu Jun/Cannes 1997/CBM 57 ext (39)
}) 17. Bc5 Bc6 18. Rd4 Nd7 19. Bb4 g5 20. fxg5 hxg5 21. Rhd1 $36 {1-0 Short,
N-Ljubojevic,L/Belfort 1988/CBM 08 (83)}) 12... Na5 13. Qe1 {white try to save
bishops,but this plan look too slowly,and black get good counterplay ,also
there are exist another possibilities:} (13. Qe2 Rc8 14. Nf3 b4 15. Nb1 Nc4 16.
Bf2 a5 $40 {0-1 Jonsson,M-Degerman,L/Borlange 1995/CBM 49 ext (30)}) (13. Qf2
Nc4 14. Kb1 Rc8 15. Bxc4 Qxc4 16. e5 b4 17. exf6 bxc3 18. b3 Qb4 19. f5 e5 20.
fxg7 Bxg7 21. f6 Bf8 22. Nf5 Rg8 $13 {1/2-1/2 Timoshenko,G-Lanka,Z/Calimanesti
1992/EXT 98 (30)}) (13. Kb1 Nc4 (13... Be7 14. g4 b4 $5 (14... Nc4 $6 15. Bxc4
Qxc4 16. g5 hxg5 17. fxg5 Nh5 18. e5 $36 {1-0 Hartman,C-Sher,M/Gistrup 1997/
EXT 98 (40)}) 15. Nce2 Nc4 16. Bxc4 Qxc4 17. Ng3 g6 18. Qd3 Rc8 $132 {1/2-1/2
Wang Zili-Bu Xiangzhi/Shenyang 1999/CBM 73 no vc (43)}) 14. Qe2 (14. Bxc4 Qxc4
15. e5 $5 (15. Qd3) 15... b4 $1 (15... dxe5 $2 16. fxe5 Nd5 (16... b4 17. exf6
bxc3 18. fxg7 Bxg7 19. Nf5 $1 cxd2 20. Nd6+ Ke7 21. Nxc4 $16) 17. Nxd5 $1 Qxd5
18. Rhf1 $1 Qxe5 19. Nf3 Qc7 20. Ne5 $1 $18) 16. exf6 bxc3 17. fxg7 Bxg7 18.
Qxc3 Qxc3 19. bxc3 Ke7 $10 {1/2-1/2 Wang Zili-Petursson,M/Copenhagen 1995/CBM
48/[Petursson] (44)}) 14... Rc8 15. Bxc4 Qxc4 16. e5 b4 17. exf6 bxc3 18. Qxc4
Rxc4 19. b3 Rc8 20. fxg7 Bxg7 21. g4 $13 {1-0 Varavin,V-Dunnington,A/Paris
1996/EXT 97 (43)}) (13. g4 Nc4 14. Bxc4 Qxc4 15. Qd3 $6 (15. g5 $5) 15... Rc8
16. Qxc4 Rxc4 17. e5 b4 $1 18. exf6 bxc3 19. b3 Rc8 20. fxg7 Bxg7 21. Rhf1 h5
$132 {0-1 Vehi Bach,V-Spraggett,K/Andorra 1993/TD (31)}) 13... Nc4 14. Bf2 b4
$5 15. Nce2 a5 16. g4 g5 $5 {[%csl Re5] Black blockade white attack in the
king side, and get good strong square e5 for their pieces} 17. fxg5 (17. f5 e5
$36) 17... hxg5 $15 18. Nf3 Rb8 19. Ned4 {White stand worse,and best chance
probably was 19...Nd2 try to change black active pieces} (19. Nd2 $5 Ne5 20.
Kb1) 19... a4 20. Kb1 (20. Nd2 Ne5 21. Kb1 a3 $36) (20. Nxg5 $6 Bh6 21. h4 b3
$40) 20... Rg8 21. Rf1 {White dont have active plan} Be7 22. Bg3 e5 23. Nf5
Bxf5 24. gxf5 b3 25. cxb3 axb3 {[%tqu "En","","","","e1c3","decisive mistake ,
after normal 26.a3 position not so clear",10,"a2a3","",0]} 26. Qc3 $2 {[%mdl
8192] decisive mistake ,after normal 26.a3 position not so clear} (26. a3 $5)
26... Na3+ 27. Kc1 Qxc3+ 28. bxc3 bxa2 $19 0-1

[Event "Fraenkische GM 1st"]
[Site "Pulvermuehle"]
[Date "2000.01.14"]
[Round "3"]
[White "Naiditsch, Arkadij"]
[Black "Wells, Peter K"]
[Result "1-0"]
[WhiteElo "2417"]
[BlackElo "2476"]
[Annotator "Gofshtein,L"]
[PlyCount "83"]
[EventDate "2000.01.12"]
[EventType "tourn"]
[EventRounds "9"]
[EventCountry "GER"]
[EventCategory "10"]
[SourceTitle "CBM 075"]
[Source "ChessBase"]
[SourceDate "2000.04.05"]
[SourceVersion "1"]
[SourceVersionDate "2000.04.05"]
[SourceQuality "1"]

1. e4 c5 2. Nf3 Nc6 3. d4 cxd4 4. Nxd4 Nf6 5. Nc3 d6 6. Bg5 e6 7. Qd2 a6 8.
O-O-O Nxd4 9. Qxd4 Be7 10. f3 (10. f4 Qa5 (10... b5 11. Bxf6 gxf6 12. Bd3 (12.
f5 Qa5 13. Kb1 b4 14. Ne2 e5 15. Qe3 Bb7 16. Ng3 d5 $132 {1/2-1/2 Khalifman,
A-Hracek,Z/Erevan 1996/CBM 53 (25)}) 12... Qc7 13. Qe3 Qc5 14. Qg3 b4 15. Ne2
a5 16. Kb1 $14 {Kasparov,G-Kramnik,V/Amsterdam VSB 1996/CBM 52/[Boensch]/1-0 
(43)}) (10... O-O 11. Bc4 b5 12. Bb3 Qc7 13. Kb1 Re8 14. e5 dxe5 15. fxe5 Nd7
16. Bxe7 Rxe7 17. Ne4 Nf8 18. Nd6 $16 {Svidler,P-Lugovoi,A/St Petersburg-ch
1997/CBM 58/1-0 (62)}) 11. Kb1 O-O 12. Be2 e5 13. Qd2 exf4 14. Bxf4 Rd8 15. Nd5
Qxd2 16. Nxe7+ (16. Nxf6+ Bxf6 17. Rxd2 Re8 18. Bxd6 Rxe4 19. Bf3 Re8 $14 {
Priehoda,V-Demeter,P/SVK-ch Bardejov 1981/MCD-ch/1/2-1/2 (47)}) 16... Kf8 17.
Rxd2 Kxe7 18. Bf3 $16) (10. Bc4 b5 11. Bb3 Bb7 12. Rhe1 Qc7 13. f4 Rd8 14. f5
e5 15. Qd3 $132 {Righi,E-Nasser/Dubai olm 1986/TD 86\02/1-0 (33)}) 10... b5 (
10... Qc7 11. g4 b5 12. Qd2 O-O (12... Bb7 13. Bf4 b4 14. Ne2 e5 $11 {Khalifman
} (14... Rc8 15. Ng3 Qa5 16. Kb1 d5 17. g5 Nd7 18. h4 Rd8 19. Bh3 dxe4 20. fxe4
Nc5 21. Qe2 O-O 22. b3 Qb5 $5 23. Qxb5 axb5 24. Bg2 f5 25. Rxd8 (25. gxf6 $2 {
1/2-1/2 Anand,V-Khalifman,A/Groningen 1997/CBM 63/(49)}) 25... Rxd8 26. Re1 $11
{Khalifman})) 13. Ne2 Rd8 14. h4 Bb7 15. Kb1 Rac8 16. Bg2 b4 17. Nd4 a5 18. Be3
(18. h5 a4 19. Be3 Nd7 (19... d5 20. g5 Nd7 21. g6 $36) 20. g5 Ne5 21. b3 $132
{1-0 Anand,V-Pelletier,Y/Biel 1997/CBM 60/ (37)}) 18... Nd7 19. Nb5 Qb8 20.
Nxd6 $16 {1-0 Kolev,A-Campos Moreno,J/Zaragoza 1998 (41)}) 11. Kb1 (11. h4 Bb7
(11... Qc7 12. g4 Rb8 13. Kb1 b4 14. Ne2 h5 15. gxh5 Nxh5 16. Qd2 e5 17. Bh3
Bxh3 18. Rxh3 g6 19. Bxe7 Kxe7 $132 {0-1 Baron Rodriguez,J-Damljanovic,B/
Zaragoza 1998 (50)}) 12. Kb1 (12. Qd2 Qc7 13. Bd3 h6 14. Be3 Qa5 15. Kb1 b4 16.
Ne2 d5 17. e5 Nd7 18. f4 Bc6 19. Nd4 Bb5 20. f5 $132 {1/2-1/2 Blehm,P-Uribe,M/
Oropesa del Mar ESP 1998 (64)}) 12... Qc7 13. Bd3 (13. Qd2 Rc8 14. Bd3 h6 15.
Bf4 b4 16. Ne2 e5 17. Be3 d5 18. Ng3 dxe4 19. fxe4 $15 {1/2-1/2 Henriques,
S-Fernando,D/Honra POR 1998 (21)}) 13... Rc8 14. Be3 O-O 15. h5 h6 16. Bf2 Nd7
17. Bh4 Bxh4 18. Rxh4 Rfd8 19. Rhh1 Ne5 20. f4 Nc4 21. Ne2 e5 $15 {0-1
Filipenko Alexander V-Yakovich Yuri/Ch Russia (club) Azov (Russia) (6) 1996 
(29)}) 11... Qa5 $6 (11... Bb7 $132) 12. e5 $6 (12. Bxf6 $5 gxf6 (12... Bxf6
13. Qxd6 Ra7 14. e5 $16) 13. f4 $14) 12... dxe5 13. Qxe5 Bb7 14. Bd2 Qb6 15.
Be3 Qa5 (15... Qc6 16. Nxb5 Rc8 17. Rd2 O-O 18. Na7 $16) 16. Bd2 Qb6 17. Be3
Qa5 18. Bc4 $5 {At white there is no advantage} O-O $2 $16 {Coming across in
the prepared trap...} (18... Nd7 19. Rxd7 Kxd7 20. Rd1+ Ke8 21. Qxg7 Rf8 22.
Bb3 Rd8 $132) (18... Rc8 19. Bb3 O-O 20. Rd3 (20. Bxe6 fxe6 21. Qxe6+ Rf7 22.
Bb6 Qb4 23. Rd4 Rc6 24. Qe2 Rxb6 25. Rxb4 Bxb4 $17) 20... Rfd8 21. Rhd1 (21.
Bxe6 $2 Rxd3 (21... fxe6 22. Qxe6+ Kf8 23. Bb6 Qb4 24. Bxd8 Rxd8 25. Rxd8+ Bxd8
26. Rd1 $14) 22. Bxc8 (22. cxd3 fxe6 23. Qxe6+ Kf8 $19) 22... Bd6 $3 23. Qf5 (
23. Qg5 Rxc3 24. Bxb7 (24. Bd2 Bd5 25. a3 b4 $19) 24... h6 $18) 23... Rxc3 24.
bxc3 Bd5 $19) 21... Rxd3 22. Rxd3 Qc7 $11) {[%tqu "En","?","","","c4e6","",10]}
19. Bxe6 $1 Bb4 (19... fxe6 20. Qxe6+ Rf7 21. Bb6 Qb4 22. Rd4 $1 $18 {[%csl
Rb4]}) 20. Bb3 (20. Nd5 $144 $5 fxe6 (20... Bxd5 21. Bxd5 Rae8 22. Qf4 $16) 21.
Nxb4 Qxb4 22. Bc5 $16) 20... Rfe8 (20... Rae8 21. Qd4 Rd8 22. Qa7 $16) 21. Qf4
Bxc3 22. bxc3 Qxc3 (22... Rac8 23. Bd4 $16) 23. Bd4 Qb4 (23... Qc6 24. Bxf6
Qxf6 25. Qxf6 gxf6 26. Rd7 $16) 24. a3 $1 Nd5 $2 $18 ({Much better was} 24...
Qf8 25. Bxf6 gxf6 26. Qxf6 Qe7 27. Qf4 $16) 25. Qg5 $1 (25. Qxf7+ Kxf7 26. axb4
$16) 25... Nc3+ 26. Bxc3 Qxc3 27. Rd7 h6 (27... Bc6 28. Bxf7+ Kh8 29. Bxe8 $18)
28. Qh5 {[%csl Rf7]} Bc6 29. Bxf7+ Kh8 30. Bxe8 Bxd7 31. Bxd7 b4 (31... Qxa3
32. Be6 $18) 32. Qa5 Qd4 33. Be6 bxa3 34. Qxa3 a5 35. Ka2 Qe5 36. Bc4 Rc8 37.
Bd3 a4 38. Rb1 Qd5+ 39. Ka1 Qd4+ 40. Rb2 Re8 41. Qb4 Qd5 42. Qc4 1-0

[Event "Perenyi Memorial"]
[Site "Gyula"]
[Date "2000.01.31"]
[Round "8"]
[White "Groszpeter, Attila"]
[Black "Wang, Rui"]
[Result "0-1"]
[WhiteElo "2470"]
[BlackElo "2495"]
[Annotator "Gofshtein,L"]
[PlyCount "78"]
[EventDate "2000.01.24"]
[EventType "tourn"]
[EventRounds "13"]
[EventCountry "HUN"]
[EventCategory "9"]
[SourceTitle "CBM 076"]
[Source "ChessBase"]
[SourceDate "2000.05.31"]
[SourceVersion "1"]
[SourceVersionDate "2000.05.31"]
[SourceQuality "1"]

1. e4 c5 2. Nf3 Nc6 3. d4 cxd4 4. Nxd4 Nf6 5. Nc3 d6 6. Bg5 e6 7. Qd2 a6 8.
O-O-O h6 9. Nxc6 bxc6 10. Bf4 d5 11. Qe3 Be7 (11... Qa5 {-Theory}) (11... Bb4 {
-Theory}) 12. h4 $146 {This novelty is a little bit strange, because after} (
12. Be2 {White recieve advantage, according to following games:} Bb7 (12... O-O
13. h4 (13. Qg3 Kh8 14. h4 (14. Bc7 Qd7 (14... Qe8 15. Bf3 $14) 15. Be5 Qb7 (
15... Bb7 16. f4 $14) 16. exd5 cxd5 17. Rd4 Ne8 18. Bd3 Bd7 19. Re1 Bf6 $132 {
Nisipeanu,Liviu Dieter-Ivanchuk,Vassily/FIDE-Wch k.o. (4) ;CBM 72 1999/1/2-1/2
(55)}) 14... a5 15. Bc7 (15. Qe3 Ba6 16. g4 Bxe2 17. Qxe2 Bb4 18. f3 $2 (18. g5
$1 Bxc3 19. bxc3 Nxe4 (19... Ng8 20. gxh6 $16) 20. gxh6 $14) 18... Bxc3 19.
bxc3 Qe7 20. g5 Nh5 $15 {Kolev,Atanas-Kramnik,Vladimir/Villarrobledo op rapid 
(4) ;EXT 99 1998/1/2-1/2 (61)}) 15... Qe8 16. Rhe1 Ba6 17. Bf3 $14) 13... Bb4 (
13... Ne8 14. Kb1 Nd6 15. Bd3 Re8 16. Qg3 Kh8 17. Be5 $14 {1-0 Shchekachev,
Andrei-Lopushnoy,Denis/RUS-Cup07 Tomsk (7) ;CBM 67 1998 (20)}) (13... Re8 14.
Qg3 Kh8 15. Bc7 Qd7 16. Be5 Ra7 17. f4 Rg8 18. Qf2 Bb4 19. Bf3 Qe7 20. Rhe1 $14
{Botvinnik I - Katz Israel 1997}) 14. e5 Bxc3 15. Qxc3 Ne4 16. Qe3 f6 17. f3
fxe5 18. Bxe5 Nf6 19. g4 $16 {1-0 Gofshtein,Leonid D-Khasin,Alexander/Rishon
Le Ziyyon 9798 (7) ;CBM 62 ext 1997 (34)}) (12... Qa5 13. Qg3 (13. h4 $5 {
Like in this game - to prevent g7-g5.}) 13... g5 (13... dxe4 14. Qxg7 Rg8 15.
Qxh6 Qf5 16. Bd6 (16. g3 e5 17. Be3 $16) 16... Nd5 17. Bxe7 Nxc3 18. bxc3 Kxe7
19. Qh4+ Qg5+ 20. Qxg5+ Rxg5 21. g3 Ra5 22. Kb2 (22. Bc4 Rc5 23. Be2 Ra5 (23...
Rxc3 24. h4 $14) 24. Kb2 $14) 22... e5 23. h4 (23. Bc4 Rb8+ 24. Bb3 Bg4 25. Rd2
Rd5 26. Kc1 Rxd2 27. Kxd2 Bf3 $132 {0-1 Nataf,I-Te Llalemand,R/Cappelle La
Grande FRA 2000 (62)}) 23... Rb8+ 24. Ka1 Be6 25. c4 $14 {[%cal Gd1b1,Gh4h5]})
14. Be5 Rg8 15. Rhe1 $14 {1/2-1/2 Vuckovic,Bojan-Florean,Andrei/Wch U20
Calicut (13) ;CBM 67 ext 1998 (25)}) 13. Qg3 g6 14. Bc7 Qc8 15. Bf3 O-O 16. Na4
Nd7 17. Kb1 a5 18. c4 dxc4 19. Bd6 Bxd6 20. Rxd6 Qc7 21. Rhd1 $14 {1-0
Shchekachev,Andrei-Pochikeev/RUS-Cup8 Smolensk (3) ;CBM 58 ext 1997 (34)})
12... Qa5 13. Be2 {and 12.h4 only lead the game to 12.Be2 Qa5 13.h4 variation
- change moves order and novelty on 13 move.} Qc5 {This position look better
for White.For example} (13... O-O 14. e5 Nd7 15. Bxh6 gxh6 16. Qxh6 Nxe5 17.
Rh3 $16) (13... Nxe4 14. Nxe4 dxe4 15. Qxe4 $16) (13... Bb4 14. Be5 $14) 14.
Qg3 (14. e5 $6 Qxe3+ 15. Bxe3 Nd7 16. f4 $11) 14... d4 $8 15. Na4 $8 (15. e5
dxc3 16. exf6 Bxf6 $17) 15... Qb4 $8 16. b3 $2 $132 ({Interesting and strong
was} 16. Qb3 $5 Qxb3 $8 17. axb3 Nd7 (17... Nxe4 18. Bf3 $18) 18. Rxd4 (18. e5
$6 c5 (18... f6 19. Bh5+ Kf8 20. exf6 gxf6 21. Bf3 e5 22. Bxc6 Ra7 23. Bd2 $16)
19. Bf3 Rb8 $132) 18... e5 19. Rxd7 Bxd7 20. Bxe5 $14) 16... Bd7 $4 $18 {
Black immediately "take a revenge"} (16... Nxe4 $1 17. Qf3 (17. Qxg7 Bf6 18.
Qg4 Nxf2 (18... e5 19. Qf3 $16) 19. Qf3 Nxh1 20. Qxc6+ Ke7 21. Qxa8 Nf2 22.
Qa7+ Ke8 23. Rf1 Ne4 $13) 17... f5 18. Bd3 O-O 19. Bxe4 fxe4 20. Qxe4 d3 {
[%csl Rf4]} 21. c4 e5 $1 $132) 17. Bf3 $2 $14 (17. e5 $1 Ne4 18. Qxg7 Rf8 (
18... O-O-O 19. Bxa6+ Kb8 20. Bd2 Qa3+ 21. Kb1 Nxf2 22. Bc1 Qb4 23. a3 Qa5 24.
Qxf7 Nxd1 25. Qxe7 Nf2 26. Qd6+ $18) 19. Rdf1 Rb8 20. Bd3 (20. Kd1 $18) 20...
Nc3 21. Nxc3 Qxc3 22. Kb1 Ba3 23. Bc1 $18) 17... a5 $2 $18 {Both of sides
simply ignore e4-e5 promotion.} (17... Kf8 18. Nb2 Bc8 19. Be5 c5 $14 {[%csl
Rf8]}) 18. Bd2 (18. e5 $1 Nd5 19. Qxg7 O-O-O 20. Bd2 Nc3 21. Bxc3 dxc3 22. Qxf7
$18) 18... Qb7 (18... Qa3+ 19. Kb1 Kf8 20. Nb6 Rd8 21. Nc4 Qc5 22. Bxa5 $18)
19. Kb1 $4 $14 (19. e5 $18) 19... g6 $6 $16 {[%csl Rf6] At last Black do
something against e4-e5 threat, but weakenen black squares.} (19... Kf8 $142
$14 {[%csl Rf8]}) 20. Bf4 $1 {[%csl Rf6][%cal Gf4e5]} (20. Qe5 $5 {[%csl Rc5,
Rd4][%cal Gc6c5]} Qa7 21. h5 g5 22. c4 {[%cal Gc4c5]} (22. Be2 c5 23. f4 $132)
22... Rg8 $1 {[%cal Gg5g4]} 23. c5 (23. Bc1 $2 g4 24. Be2 c5 25. Nb2 a4 $15)
23... d3 24. g4 Rd8 25. Qc3 $14 {[%csl Re8]}) 20... c5 21. Be5 $2 $11 {Right
idea in wrong implementation.} (21. Nxc5 $1 {Anyway N will be taken, why not
to take by the way Pc5 ?} Bxc5 22. Be5 Be7 (22... a4 23. Bxf6 axb3 24. cxb3 Qa6
25. Rd2 O-O (25... Bb4 26. Be2 Qa3 27. Rc2 O-O 28. Bxd4 $16) 26. h5 e5 {
[%cal Ga6f6]} 27. Qxe5 Bb4 28. Be2 Qa3 29. Rc2 Bc3 {[%csl Rb3][%cal Ga3b3,
Ga8a1]} 30. Bc4 d3 31. Qxc3 dxc2+ 32. Qxc2 $18) 23. Qf4 a4 24. Bxf6 axb3 25.
cxb3 Qa6 26. Rd2 $16) 21... Bxa4 22. Bxf6 $5 (22. Qf4 $5 Bc6 (22... O-O 23.
Bxf6 Bxf6 24. Qxf6 c4 $5 (24... Kh7 25. h5 g5 26. e5 Bc6 27. Be2 (27. Bxc6 Qxc6
28. f4 gxf4 29. Rh4 Qxg2 $15 (29... a4 30. Rg4 $18)) 27... Rab8 {[%csl Gb7]} (
27... a4 28. Bd3+ Be4 29. Qf3 $1 $18) 28. f4 gxf4 29. Qxf4 {[%cal Ge2d3]} Bb5
30. Bxb5 (30. Bf3 Bc6) 30... Qxb5 31. Qe4+ $16) 25. e5 Bc6 26. Rxd4 (26. h5
cxb3 27. axb3 a4 28. hxg6 axb3 29. gxf7+ Qxf7 30. Qxf7+ Rxf7 31. Bxc6 bxc2+ 32.
Kxc2 Rc8 33. Kd3 Rxc6 34. Rd2 Rc5 35. Ke4 Kh7 $14) 26... cxb3 27. cxb3 a4 28.
b4 Bxf3 29. gxf3 Rfc8 30. h5 Qc7 31. Rd2 $16) 23. Bxf6 Bxf6 24. Qxf6 Rh7 (24...
O-O 25. h5 $18) (24... Rg8 25. Qe5 Qb6 (25... a4 26. Qxc5 axb3 27. axb3 (27.
cxb3 Bxe4+ 28. Bxe4 Qxe4+ 29. Ka1 Rd8 30. f3 Qd5 31. Qxd5 Rxd5 $11) 27... Bxe4
28. Bxe4 Qxe4 29. f3 $16) 26. h5 g5 $132) 25. Qe5 Qb6 $132) 22... Bxf6 23. e5
Bc6 24. exf6 (24. Bxc6+ Qxc6 25. exf6 (25. h5 Bg7 26. hxg6 Rf8 $19) 25... a4
26. h5 axb3 27. cxb3 g5 28. Rhe1 $132) 24... a4 25. Qd6 Rc8 (25... Bxf3 26.
gxf3 axb3 27. cxb3 Rc8 (27... c4 28. Rxd4 cxb3 29. a4 $18 {[%cal Gh1d1]}) 28.
h5 Rc6 29. Qe5 g5 30. Rd2 $132) 26. Rh3 Bxf3 27. Rxf3 Rc6 28. Qf4 (28. Qe5 $132
) 28... Ra6 29. Qe5 Qa7 30. b4 $1 (30. Rd2 $2 O-O 31. h5 axb3 32. cxb3 g5 33.
Rg3 Ra8 34. Rxg5+ hxg5 (34... Kh8 35. Rg6 $5 fxg6 36. f7+ Kh7 37. Qf6 (37.
hxg6+ Kxg6 38. Rd3 Qxf7 $19) 37... gxh5 38. f8=Q Rxf8 39. Qxf8 c4 40. bxc4 (40.
Qf3 cxb3 41. Qe4+ Kh8 42. Qe5+ Kg8 43. Qxd4 Qxd4 44. Rxd4 Rxa2 45. Rf4 $17)
40... Qb7+ 41. Rb2 Qxg2 42. Qf7+ Qg7 43. Qf3 Qg6+ $17) 35. Qxg5+ Kf8 36. Qg7+
Ke8 37. Qg8+ Kd7 38. Qxf7+ Kd6 $19) 30... Rc6 (30... cxb4 31. Qb5+ $18) 31. c4
$6 (31. h5 $142 $1 gxh5 32. bxc5 Rxc5 33. Qxd4 Rb5+ 34. Kc1 Qxd4 35. Rxd4 Rg8
36. Rfd3 Rd5 $132) (31. Kc1 $142 $1 O-O 32. Qf4 Kh7 33. h5 cxb4 34. hxg6+ fxg6
35. Rh1 h5 36. Rxh5+ gxh5 37. Qe4+ Kh8 38. Qxc6 b3 $132) (31. bxc5 Rxc5 32.
Qxd4 O-O $17 {[%csl Rb1,Gg8][%cal Gc5h5]}) 31... cxb4 32. Rg3 (32. Rxd4 O-O 33.
Qf4 e5 34. Qxe5 (34. Qxh6 Rxf6 $1 35. Rxf6 exd4 (35... Qxd4 36. Rxg6+ $11) 36.
h5 Qe7 37. hxg6 Qe4+ 38. Kb2 Qe2+ 39. Kb1 Qd3+ 40. Kb2 a3+ 41. Kc1 Qxc4+ 42.
Kd1 Qd3+ 43. Qd2 Qxd2+ 44. Kxd2 fxg6 45. Rxg6+ Kh7 46. Rb6 Rxf2+ 47. Kd3 Rxa2
48. Rxb4 Rxg2 49. Rxd4 $11)) 32... O-O 33. h5 $4 $19 ({It was not easy to find
} 33. Rxd4 $1 Rc5 (33... b3 34. h5 Rc5 35. Qd6 {[%csl Rf8][%cal Gd6f8,Gd4d8]}
Qc7 (35... bxa2+ 36. Kxa2 Rd5 37. Rxd5 exd5 38. hxg6 Qxf2+ 39. Ka3 $18) 36.
Qxc7 Rxc7 37. hxg6 $16) 34. Qe3 Kh7 35. Qd3 {[%cal Gd4d7,Gd3g6]} Rf5 (35... Rg8
36. Rd7 Rc7 37. Rxg6 Rxg6 38. Rxc7 Qxc7 39. h5 $14) {[%tqu "En","?","","",
"g3g6","",10]} 36. Rxg6 $3 Kxg6 (36... fxg6 37. Rd7+ Rf7 38. Rxa7 Rxa7 39. Qd4
Rf7 40. f3 $14) 37. g4 Qc5 38. gxf5+ (38. Rf4 Kxf6 39. gxf5 e5 $17) 38... Qxf5
39. Qxf5+ Kxf5 40. c5 Rb8 41. c6 Kxf6 42. c7 Rc8 43. Rxb4 Rxc7 44. Rxa4 $11)
33... Rc5 34. Qxd4 g5 35. f4 Qc7 36. fxg5 Rxc4 37. gxh6+ Kh8 38. Qf2 Rc8 39.
Qe3 (39. Qe1 Rc2 {[%cal Gc7c4]} 40. Rg4 b3 41. axb3 Rb2+ $1 42. Kxb2 Qc2+ 43.
Ka1 axb3 $19 {[%cal Gc8a8]}) 39... Rc3 0-1